| 000 | 00590nam a2200205 i 4500 | ||
|---|---|---|---|
| 001 | 95218 | ||
| 003 | ES-MaACL | ||
| 005 | 20230906181646.0 | ||
| 007 | t| | ||
| 008 | 050524s1977 sp ||||1| spa d | ||
| 100 | 1 |
_aLuther, Martin. _974872 |
|
| 245 | 1 | 0 |
_aObras / _cLutero; edición preparada por Teófanes Egido. |
| 260 |
_aSalamanca : _bSígueme, _c1977. |
||
| 300 |
_a472 p., 8 lám. ; _c24 cm. |
||
| 490 | 1 | _aEl peso de los días | |
| 700 | 1 |
_aEgido, Teófanes. _946733 |
|
| 830 | 0 |
_aEl peso de los días _9183009 |
|
| 852 |
_aES-MaACL _jA-6669 _bR.95526 |
||
| 999 |
_c95218 _d95218 |
||